Deśāntara. (Record no. 70608)

MARC details
000 -LEADER
fixed length control field 00477cam a22002051 4500
001 - CONTROL NUMBER
control field sa 66006637
003 - CONTROL NUMBER IDENTIFIER
control field DLC
005 - DATE AND TIME OF LATEST TRANSACTION
control field 20260227112257.0
008 - FIXED-LENGTH DATA ELEMENTS--GENERAL INFORMATION
fixed length control field 890629s1966 ii 000 0 beno
010 ## - LIBRARY OF CONGRESS CONTROL NUMBER
LC control number sa 66006637
035 ## - SYSTEM CONTROL NUMBER
System control number (OCoLC)19949460
040 ## - CATALOGING SOURCE
Original cataloging agency DLC
Transcribing agency WaU
Modifying agency DLC
050 00 - LIBRARY OF CONGRESS CALL NUMBER
Classification number G464
Item number .B57
100 1# - MAIN ENTRY--PERSONAL NAME
Personal name Bose, Buddhadeva.
245 10 - TITLE STATEMENT
Title Deśāntara.
260 ## - PUBLICATION, DISTRIBUTION, ETC.
Date of publication, distribution, etc. [1966]
300 ## - PHYSICAL DESCRIPTION
Extent 309 p.
Dimensions 23 cm.
500 ## - GENERAL NOTE
General note In Bengali.
650 #0 - SUBJECT ADDED ENTRY--TOPICAL TERM
Topical term or geographic name entry element Voyages and travels

No items available.

Powered by Koha